01934 a2200193 450000100040000000500170000400800410002100300150006204000400007708000590011724500620017602000220023826400340026030000250029450512220031904100080154110000370154985601540158626920260407155418.0260407a2003 arg spa dAR-UNSa-BCEJYS aAR-UNSa-BCEJYSbspacAR-UNSa-BCEJYS a347.74xContratos mercantiles (comerciales...leasing))10aPráctica en contratos de empresa modernos y posmodernos a978-987-01-0014-0 1aBuenos Aires :bErreparc2003 axxii, 1304 p.c21 cm a1. Contrato de agencia - 2. Contrato de agrupación de colaboración empresaria (A.C.E.) - 3. Contrato de ahorro previo - 4. Contrato de apertura de crédito bancario - 5. Contrato de caja de seguridad bancaria - 6. Contrato de compraventa de acciones - 7. Contratos de compraventa internacional y crédito documentado - 8. Contrato de concesión - 9. Contrato de cuenta corriente bancaria - 10. Contrato de depósito bancario: caja de ahorro y plazo fijo - 11. Contrato de descuento bancario - 12. Contrato distribución - 13. Contrato de edición - 14. Contrato estimatorio - 15. Contrato de factoring - 16. Contrato de fideicomiso - 17. Contrato de franchising - 18. Contrato de garaje - 19. Contrato de leasing - 20. Contratos de licencia, tecnología e informáticos - 21. Contrato de management o gerenciamiento - 22. Contrato de medicina prepaga - 23. Contrato de publicidad - 24. Contrato de sindicación de acciones - 25. Contrato de suministro - 26. Contrato de tarjeta de crédito - 27. Contrato de telefonía celular - 28. Contrato de tiempo compartido - 29. Contratos de turismo y viaje - 30. Contrato de underwriting - 31. Contratos de Unión transitoria de empresas (UTE) y Joint Venture aspa1 aFavier Dubois, Eduardo Mario (h)41uhttps://biblioeco.unsa.edu.ar/pmb/images/libros/Practicas en contratos de empresas modernos y posmodernos2-l117463.jpgyImagen de portadaqimage/jpeg